000 00453nam a2200193Ia 4500
005 20250603144709.0
008 250603s9999 xx 000 0 und d
020 _a9780273764496
050 _aQA 76.9.A25 .S685/
100 _aStallings, William
245 0 _aComputer security : principles and practice
250 _a2nd ed.
260 _aBoston
260 _bPearson
260 _c2012
300 _a810 p
650 _aBoston
942 _cBK
999 _c39687
_d39687